00248 a2200109 4500001000700000020000600007040001100013100002200024240004400046245003900090362000900129168595 a  cMagnum aSiqueira, Juliana10aUma licao da historia: bh 100 anoslpor10aUma licao da historia: bh 100 anos0 a1899